[Event "SR 2. liga A 2010/2011"]
[Site "?"]
[Date "2010.10.23"]
[Round "6.5"]
[White "Kolman, Richard"]
[Black "Manak, Jozef"]
[Result "0-1"]
[WhiteElo "2107"]
[BlackElo "2032"]
[PlyCount "72"]
[EventDate "2010.??.??"]
[WhiteTeam "Slovakia"]
[BlackTeam "II"]
[WhiteTeamCountry "SVK"]
[BlackTeamCountry "SVK"]

1. d4 d5 2. Nf3 Nf6 3. Bg5 e6 4. e3 Be7 5. Bd3 h6 6. Bh4 O-O 7. Nbd2 b6 8. O-O
Bb7 9. c4 Nbd7 10. Rc1 c5 11. Qe2 Ne4 12. Bxe7 Qxe7 13. cxd5 Nxd2 14. Nxd2 Bxd5
15. Bb1 cxd4 16. Qd3 g6 17. Qxd4 Rac8 18. e4 Bb7 19. f4 e5 20. Qe3 exf4 21.
Qxf4 Kg7 22. Nf3 Rc5 23. Rxc5 Qxc5+ 24. Kh1 Qb5 25. Rf2 Qc4 26. b3 Qc3 27. Rf1
Ba6 28. Rc1 (28. Rd1 $11) 28... Qb2 29. h4 Nf6 30. e5 Nh5 31. Qe3 Ng3+ 32. Kh2
Nf1+ 33. Rxf1 Bxf1 34. Nd2 Bxg2 35. Kxg2 Rd8 36. Bd3 Qc3 0-1

[Event "SR 2. liga A 2010/2011"]
[Site "?"]
[Date "2010.10.23"]
[Round "6.7"]
[White "Klimes, Milan"]
[Black "Strapko, Tomas"]
[Result "0-1"]
[WhiteElo "1893"]
[BlackElo "1892"]
[PlyCount "148"]
[EventDate "2010.??.??"]
[WhiteTeam "Slovakia"]
[BlackTeam "II"]
[WhiteTeamCountry "SVK"]
[BlackTeamCountry "SVK"]

1. c4 Nf6 2. Nf3 g6 3. d4 Bg7 4. Nc3 d6 5. g3 O-O 6. Bg2 Nc6 7. O-O e5 8. Bg5
h6 9. Bxf6 Bxf6 10. dxe5 Nxe5 11. Nxe5 Bxe5 12. Qd2 Bg7 13. Rad1 c6 14. b3 Be6
15. e4 Qc7 16. Ne2 Rad8 17. Qc2 Qc8 18. Nf4 Bg4 19. f3 Be6 20. Nxe6 Qxe6 21.
Rfe1 c5 22. f4 Bd4+ 23. Kh1 Qf6 24. Rf1 Qg7 25. Rd3 Rde8 26. f5 f6 27. fxg6
Qxg6 28. Rf5 Re5 29. Rdf3 Rxf5 30. Rxf5 Re8 31. Bf3 Re5 32. Bh5 Qg7 33. Rf4
Rxh5 34. Qe2 Rg5 35. Qf3 Be5 36. Rf5 Qg6 37. Qd3 Rxf5 38. exf5 Qf7 39. Qe4 h5
40. Kg2 Qc7 41. Qd5+ Kg7 42. Qe6 Qc6+ 43. Kh3 Qf3 44. Qe7+ Kh6 45. Qf8+ Kg5 46.
Qg7+ Kxf5 47. Qh7+ Ke6 48. Qg8+ Kd7 49. Qf7+ Kc6 50. Qe8+ Kb6 51. Qd8+ Ka6 52.
Qe8 Qc6 53. Qxh5 Ka5 54. Qe2 Kb4 55. Kg4 Ka3 56. h4 Qd7+ 57. Kf3 Qf5+ 58. Kg2
Qg6 59. g4 f5 60. g5 Bb2 61. Qc2 Kxa2 62. b4 cxb4 63. Qa4+ Ba3 64. Qc2+ Ka1 65.
Qd1+ Kb2 66. Qd4+ Kb3 67. Qd3+ Ka4 68. Qd5 Qe8 69. Qxf5 Qe2+ 70. Kg3 Qe3+ 71.
Kg2 Qe2+ 72. Kg3 Qxc4 73. g6 b3 74. g7 (74. Qd7+ b5 75. Qxa7+ Kb4) 74... Qc3+
0-1

[Event "SR 2. liga A 2010/2011"]
[Site "?"]
[Date "2010.10.23"]
[Round "6.8"]
[White "Bincik, Pavol"]
[Black "Janecek, Jan"]
[Result "1/2-1/2"]
[WhiteElo "1909"]
[BlackElo "1963"]
[PlyCount "35"]
[EventDate "2010.??.??"]
[WhiteTeam "Slovakia"]
[BlackTeam "II"]
[WhiteTeamCountry "SVK"]
[BlackTeamCountry "SVK"]

1. d4 d5 2. c4 e6 3. Nf3 Nf6 4. Nc3 Be7 5. Bg5 O-O 6. e3 c6 7. Bd3 Nbd7 8. O-O
h6 9. Bh4 dxc4 10. Bxc4 Nd5 11. Bg3 N7f6 12. a3 Nxc3 13. bxc3 Ne4 14. Qc2 Nxg3
15. hxg3 Bf6 16. e4 g6 17. a4 Bg7 18. e5 1/2-1/2

[Event "SR 2. liga A 2010/2011"]
[Site "?"]
[Date "2010.10.24"]
[Round "7.1"]
[White "Vlcek, Stanislav"]
[Black "Bezuch, Martin"]
[Result "1/2-1/2"]
[WhiteElo "2257"]
[BlackElo "2198"]
[PlyCount "49"]
[EventDate "2010.??.??"]
[WhiteTeam "Slovakia"]
[BlackTeam "II"]
[WhiteTeamCountry "SVK"]
[BlackTeamCountry "SVK"]

1. c4 {0} c5 2. Nf3 Nf6 3. g3 e6 4. Nc3 Be7 5. Bg2 O-O 6. d4 cxd4 7. Nxd4 a6 8.
O-O Qc7 9. Bf4 d6 10. Nb3 Nbd7 11. Rc1 Nh5 12. Be3 Ne5 13. Na4 Bd7 14. Nb6 Rab8
15. Nxd7 Qxd7 16. Bd4 Nc6 17. Be3 Ne5 18. Bd4 Nc6 19. Bc5 Rfc8 20. Ba3 Ne5 21.
Qd4 Nc6 22. Qd2 Ne5 23. Qd4 Nc6 24. Qb6 Ne5 25. Qd4 1/2-1/2

[Event "SR 2. liga A 2010/2011"]
[Site "?"]
[Date "2010.10.24"]
[Round "7.2"]
[White "Peitl, Tomas"]
[Black "Petrik, Stanislav"]
[Result "1-0"]
[WhiteElo "2171"]
[BlackElo "2187"]
[PlyCount "167"]
[EventDate "2010.??.??"]
[WhiteTeam "Slovakia"]
[BlackTeam "II"]
[WhiteTeamCountry "SVK"]
[BlackTeamCountry "SVK"]

1. e4 c5 2. Nf3 Nc6 3. d4 cxd4 4. Nxd4 g6 5. c4 Bg7 6. Be3 Nf6 7. Nc3 Qa5 8. f3
O-O 9. Be2 e6 10. O-O d5 11. Nb3 Qd8 12. cxd5 exd5 13. exd5 Nb4 14. Bc5 Nbxd5
15. Nxd5 Nxd5 16. Bxf8 Bxf8 17. Qd2 Qb6+ 18. Kh1 Ne3 19. Rfc1 Nf5 20. Bc4 a5
21. a4 Bh6 22. f4 Ne3 23. Bb5 Bxf4 24. Qd4 Qxd4 25. Nxd4 Be5 26. Nc2 Ng4 27.
Re1 Bf5 28. h3 Bxc2 29. hxg4 Bxb2 30. Ra2 Bc3 31. Re3 Bb1 32. Rae2 Rc8 33. Re8+
Rxe8 34. Rxe8+ Kg7 35. Re7 Ba2 36. Rxb7 Kf6 37. Be8 Bb4 38. g5+ Kg7 39. Kh2 Bd5
40. Rb5 Be4 41. Kg3 Kf8 42. Kf2 Bd6 43. Bd7 Ke7 44. Bg4 Bc7 45. Bd1 Kd6 46. g4
Bc6 47. Rb3 Ke5 48. Rc3 Bb6+ 49. Kg3 Bd5 50. Bf3 Be6 51. Rc6 Be3 52. Ra6 Bd2
53. Bd1 Be1+ 54. Kf3 Kd4 55. Be2 Bd5+ 56. Kf4 Bd2+ 57. Kg3 Ke3 58. Bb5 Be1+ 59.
Kh3 Kf4 60. Rd6 Be6 61. Bd7 Bb3 62. Rb6 Bc4 63. Rb1 Bf1+ 64. Kh2 Bg3+ 65. Kg1
Be2 66. Rc1 Kxg5 67. Rc5+ Kh4 68. Rxa5 f6 69. Ra7 Be5 70. Kg2 h6 71. Be8 Bd3
72. Kf3 Kg5 73. Rg7 Bc3 74. Rd7 Bc4 75. Rc7 Bd5+ 76. Ke3 Bb4 77. Rg7 Kxg4 78.
Rxg6+ Kf5 79. Rxh6 Ke5 80. Rh4 Bc5+ 81. Kd3 f5 82. a5 Bf2 83. Ra4 Bc6 84. Bxc6
1-0

[Event "SR 2. liga A 2010/2011"]
[Site "?"]
[Date "2010.10.24"]
[Round "7.3"]
[White "Petrik, Karol"]
[Black "Oprea, Erik"]
[Result "1-0"]
[WhiteElo "2075"]
[BlackElo "2116"]
[PlyCount "141"]
[EventDate "2010.??.??"]
[WhiteTeam "Slovakia"]
[BlackTeam "II"]
[WhiteTeamCountry "SVK"]
[BlackTeamCountry "SVK"]

1. c4 d6 2. e4 c5 3. Nf3 e5 4. Be2 Nc6 5. Nc3 f5 6. exf5 Bxf5 7. d3 Nf6 8. O-O
Be7 9. Be3 Nd4 10. Nd2 O-O 11. Nde4 Qe8 12. Nxf6+ Bxf6 13. Bg4 Qg6 14. Bxf5
Nxf5 15. Kh1 Rf7 16. Qe2 Raf8 17. Ne4 Be7 18. Rab1 b6 19. a3 Rd8 20. Nc3 Bg5
21. Bxg5 Qxg5 22. Nd5 Nd4 23. Qe4 Rdf8 24. f3 Nb3 25. Qe2 Nd4 26. Qf2 Ne6 27.
b4 Nf4 28. Qd2 Qf5 29. Nxf4 Qxf4 30. Qxf4 Rxf4 31. Rfe1 R4f5 32. Kg1 g5 33. Re4
Rf4 34. bxc5 Rxe4 35. dxe4 bxc5 36. Kf2 Kg7 37. Kg3 h5 38. h4 g4 39. Rb7+ Kf6
40. fxg4 hxg4 41. Kxg4 Ke6 42. g3 Ra8 43. h5 Kf6 44. h6 Kg6 45. h7 a5 46. Rd7
Rb8 47. Rb7 Ra8 48. Ra7 Rb8 49. Rxa5 Kxh7 50. Ra6 Rb3 51. Rxd6 Rxa3 52. Rd5 Kg6
53. Rxe5 Ra5 54. Re6+ Kf7 55. Rc6 Ke7 56. e5 Kd7 57. Rd6+ Ke7 58. Rd5 Ke6 59.
Kg5 Ra3 60. g4 Ra5 61. Kg6 Ke7 62. Kf5 Kf7 63. g5 Ra1 64. Rd7+ Ke8 65. Rc7 Ra5
66. g6 Kf8 67. Kf6 Ra8 68. e6 Kg8 69. g7 Rb8 70. Rxc5 Ra8 71. Rh5 1-0

[Event "SR 2. liga A 2010/2011"]
[Site "?"]
[Date "2010.10.24"]
[Round "7.4"]
[White "Ochrana, Ladislav"]
[Black "Vespia, Gianmarco"]
[Result "0-1"]
[WhiteElo "2072"]
[BlackElo "2021"]
[PlyCount "106"]
[EventDate "2010.??.??"]
[WhiteTeam "Slovakia"]
[BlackTeam "II"]
[WhiteTeamCountry "SVK"]
[BlackTeamCountry "SVK"]

1. d4 c6 2. e4 d5 3. exd5 cxd5 4. Bb5+ Bd7 5. Bxd7+ Qxd7 6. Nf3 Nc6 7. Bf4 e6
8. O-O Nf6 9. Ne5 Nxe5 10. Bxe5 Be7 11. Nd2 O-O 12. Re1 Rfc8 13. c3 b5 14. a3
a5 15. Nb3 Ne8 16. Qg4 b4 17. axb4 axb4 18. Rxa8 Rxa8 19. Qd1 bxc3 20. bxc3 Qc6
21. Qc2 Nd6 22. Bxd6 Bxd6 23. Nd2 Rc8 24. Rc1 Ba3 25. Rb1 Qxc3 26. Qxc3 Rxc3
27. Rb8+ Bf8 28. f4 g6 29. Nf3 Kg7 30. Rb7 Bd6 31. Ng5 Rc7 32. Rxc7 Bxc7 33. g3
h6 34. Nf3 Kf6 35. Kf2 Kf5 36. Ke3 Kg4 37. Kf2 Kh3 38. Kg1 f6 39. Kh1 g5 40.
Ng1+ Kg4 41. fxg5 hxg5 42. Kg2 Bb6 43. Ne2 Kf5 44. Kf3 g4+ 45. Ke3 e5 46. Kd3
Bxd4 47. Nxd4+ exd4 48. Kxd4 Ke6 49. Kd3 Ke5 50. Ke3 d4+ 51. Kd3 Kd5 52. Kd2
Ke4 53. Ke2 d3+ 0-1

[Event "SR 2. liga A 2010/2011"]
[Site "?"]
[Date "2010.10.24"]
[Round "7.5"]
[White "Krajnak, Robert"]
[Black "Hricak, Vasil"]
[Result "1-0"]
[WhiteElo "2083"]
[BlackElo "2051"]
[PlyCount "109"]
[EventDate "2010.??.??"]
[WhiteTeam "Slovakia"]
[BlackTeam "II"]
[WhiteTeamCountry "SVK"]
[BlackTeamCountry "SVK"]

1. c4 e6 2. Nf3 d5 3. g3 Nf6 4. Bg2 c6 5. O-O Be7 6. d4 O-O 7. Qc2 Nbd7 8. Bf4
Ne4 9. Nfd2 Nxd2 10. Nxd2 Qb6 11. c5 Qd8 12. b4 g5 13. Be3 e5 14. dxe5 Nxe5 15.
Bd4 Ng6 16. e4 dxe4 17. Qxe4 Be6 18. Nf3 Bd5 19. Qe3 f5 20. Ne5 f4 21. Bxd5+
cxd5 22. Qb3 Nxe5 23. Bxe5 Qd7 24. Rad1 Rad8 25. Bd6 Bxd6 26. Qxd5+ Rf7 27.
cxd6 Qf5 28. Qxf5 Rxf5 29. Rfe1 Rf6 30. d7 Kf7 31. Re5 h6 32. Rc5 Ke7 33. Rc7
Rb6 34. a3 f3 35. h3 a5 36. Rd4 axb4 37. axb4 Rb5 38. g4 Rb6 39. Kh2 Ke6 40.
Kg3 Ke7 41. Kxf3 Rf6+ 42. Kg3 b6 43. Rb7 Re6 44. h4 gxh4+ 45. Kxh4 Rc6 46. f4
Kf7 47. b5 Re6 48. f5 Rf6 49. Rc7 Ke7 50. Rc6 Rf7 51. Rxb6 h5 52. Kxh5 Kf8 53.
Rbd6 Kg8 54. b6 Rh7+ 55. Kg5 1-0

[Event "SR 2. liga A 2010/2011"]
[Site "?"]
[Date "2010.10.24"]
[Round "7.6"]
[White "Antala, Jan"]
[Black "Magyar, Frantisek"]
[Result "1-0"]
[WhiteElo "1998"]
[BlackElo "2079"]
[PlyCount "57"]
[EventDate "2010.??.??"]
[WhiteTeam "Slovakia"]
[BlackTeam "II"]
[WhiteTeamCountry "SVK"]
[BlackTeamCountry "SVK"]

1. e4 e5 2. Nf3 Nc6 3. Bc4 d6 4. c3 Be7 5. b4 a6 6. a4 Nf6 7. d3 O-O 8. Qb3 h6
9. h3 Nd7 10. d4 exd4 11. Nxd4 Nxd4 12. cxd4 Bf6 13. Bb2 Nb6 14. Bd3 Nd7 15.
O-O b6 16. f4 Bb7 17. e5 Be7 18. Bc2 Re8 19. e6 fxe6 20. Qxe6+ Kh8 21. Qg6 Nf8
22. Qd3 Bf6 23. Nd2 Qd7 24. Rae1 Qc6 25. Nf3 Qd5 26. Bb3 Qc6 27. d5 Qd7 28.
Bxf6 gxf6 29. Nd4 1-0

[Event "SR 2. liga A 2010/2011"]
[Site "?"]
[Date "2010.10.24"]
[Round "7.7"]
[White "Farkas, Vladimir"]
[Black "Prikler, Bruno"]
[Result "0-1"]
[WhiteElo "1946"]
[BlackElo "1962"]
[PlyCount "48"]
[EventDate "2010.??.??"]
[WhiteTeam "Slovakia"]
[BlackTeam "II"]
[WhiteTeamCountry "SVK"]
[BlackTeamCountry "SVK"]

1. e4 d5 2. exd5 Nf6 3. Bb5+ Bd7 4. Bxd7+ Qxd7 5. c4 c6 6. Qe2 cxd5 7. b3 Nc6
8. Nf3 Nb4 9. d4 dxc4 10. bxc4 Qf5 11. Kd1 O-O-O 12. Nc3 e5 13. d5 e4 14. Ne1
Nc6 15. Be3 Ng4 16. Nc2 Nxe3+ 17. fxe3 Qe5 18. Qd2 Na5 19. Nd4 Nxc4 20. Qe2 Nb6
21. Rc1 Kb8 22. Rf1 Nxd5 23. Nxd5 Qxd5 24. Rf5 Qxf5 0-1

[Event "SR 2. liga A 2010/2011"]
[Site "?"]
[Date "2010.10.24"]
[Round "7.8"]
[White "Hurban, Martin"]
[Black "Jelenciak, Jozef"]
[Result "1-0"]
[WhiteElo "1934"]
[BlackElo "1934"]
[PlyCount "111"]
[EventDate "2010.??.??"]
[WhiteTeam "Slovakia"]
[BlackTeam "II"]
[WhiteTeamCountry "SVK"]
[BlackTeamCountry "SVK"]

1. e4 Nf6 2. e5 Nd5 3. d4 d6 4. c4 Nb6 5. exd6 cxd6 6. Nc3 g6 7. Be3 Bg7 8. Nf3
Bg4 9. h3 Bxf3 10. Qxf3 Nc6 11. Rd1 O-O 12. Be2 Qd7 13. O-O Rfd8 14. d5 Ne5 15.
Qe4 Rac8 16. Bxb6 axb6 17. Nb5 Qf5 18. Qxf5 gxf5 19. b3 f4 20. Rfe1 Bf6 21. Rd4
Ng6 22. Re4 Be5 23. Bg4 Ra8 24. a4 Kg7 25. Nd4 Bxd4 26. Rxd4 Kh6 27. Bf5 Ne5
28. Rxf4 Rg8 29. Be4 Rg5 30. Rh4+ Rh5 31. Rxh5+ Kxh5 32. Bxh7 Kg5 33. Be4 Rg8
34. g3 Kf6 35. Kg2 Nd7 36. f4 b5 37. axb5 Ra8 38. Kf3 Nc5 39. Bc2 Ra2 40. Re2
Rb2 41. g4 Kg7 42. f5 Kf8 43. h4 Nd7 44. g5 Ne5+ 45. Kf4 Ra2 46. h5 Ra1 47. Be4
Rf1+ 48. Kg3 Rg1+ 49. Bg2 Rd1 50. Re3 Rd3 51. Rxd3 Nxd3 52. Be4 Ne5 53. Kf4 b6
54. f6 exf6 55. gxf6 Kg8 56. Bf5 1-0

[Event "SR 2. liga A 2010/2011"]
[Site "?"]
[Date "2010.10.24"]
[Round "8.1"]
[White "Schwarz, Dusan"]
[Black "Tibensky, Robert"]
[Result "0-1"]
[WhiteElo "2294"]
[BlackElo "2401"]
[PlyCount "96"]
[EventDate "2010.??.??"]
[WhiteTeam "Slovakia"]
[BlackTeam "II"]
[WhiteTeamCountry "SVK"]
[BlackTeamCountry "SVK"]

1. d4 g6 2. c4 Bg7 3. Nc3 d6 4. e4 e5 5. d5 a5 6. Bd3 Na6 7. Nge2 Nc5 8. Bc2
Nf6 9. f3 O-O 10. Be3 Ne8 11. Qd2 f5 12. exf5 gxf5 13. O-O-O Bd7 14. Bg5 Bf6
15. Bh6 Bg7 16. Bg5 Bf6 17. h4 a4 18. Rdg1 Kh8 19. g4 f4 20. Ne4 Nxe4 21. Bxe4
Rf7 22. Qd3 Qe7 23. Nc3 Qf8 24. Bxf6+ Nxf6 25. h5 Rg7 26. Bf5 Qc8 27. Bxd7 Qxd7
28. Ne4 Nxe4 29. Qxe4 c5 30. dxc6 bxc6 31. Rd1 Ra5 32. Rh2 Rc5 33. Rhd2 Qe6 34.
b3 axb3 35. axb3 d5 36. Qe2 Rb7 37. Qf2 Ra5 38. Ra2 Rxa2 39. Qxa2 Kg7 40. Qa6
Rxb3 41. Rxd5 Rc3+ 42. Kb2 Rxc4 43. Qa7+ Kh6 44. g5+ Kxg5 45. Qg7+ Kh4 46. Rd3
Rb4+ 47. Ka3 c5 48. Qa7 Rb1 0-1

[Event "SR 2. liga A 2010/2011"]
[Site "?"]
[Date "2010.10.24"]
[Round "8.2"]
[White "Frindt, Kornel"]
[Black "Janos, Martin"]
[Result "0-1"]
[WhiteElo "2210"]
[BlackElo "2250"]
[PlyCount "82"]
[EventDate "2010.??.??"]
[WhiteTeam "Slovakia"]
[BlackTeam "II"]
[WhiteTeamCountry "SVK"]
[BlackTeamCountry "SVK"]

1. e4 e5 2. Nf3 Nc6 3. Bc4 Be7 4. c3 Nf6 5. d4 d6 6. d5 Nb8 7. Qc2 Nbd7 8. b4
O-O 9. h3 c6 10. dxc6 bxc6 11. Nbd2 Nh5 12. Nb3 Kh8 13. g4 Nhf6 14. Na5 Qc7 15.
Ng5 d5 16. exd5 cxd5 17. Bxd5 Bxb4 18. O-O Bxa5 19. Bxa8 Ba6 20. Bg2 Bxf1 21.
Bxf1 Qxc3 22. Qxc3 Bxc3 23. Rb1 h6 24. Nf3 e4 25. Nh4 Ne5 26. Rb3 Rc8 27. Be3
Nd5 28. Bxa7 g5 29. Nf5 Nf3+ 30. Kh1 Be5 31. Rb1 Kh7 32. Be3 Rc2 33. Bg2 Rxa2
34. Bc5 Kg6 35. Bxf3 exf3 36. Kg1 h5 37. Ne3 Nxe3 38. Bxe3 hxg4 39. hxg4 Ra4
40. Bd2 Rxg4+ 41. Kf1 Bh2 0-1

[Event "SR 2. liga A 2010/2011"]
[Site "?"]
[Date "2010.10.24"]
[Round "8.3"]
[White "Janos, Jozef"]
[Black "Janos, Ivan"]
[Result "0-1"]
[WhiteElo "2196"]
[BlackElo "2163"]
[PlyCount "104"]
[EventDate "2010.??.??"]
[WhiteTeam "Slovakia"]
[BlackTeam "II"]
[WhiteTeamCountry "SVK"]
[BlackTeamCountry "SVK"]

1. d4 Nf6 2. Nf3 g6 3. g3 Bg7 4. Bg2 O-O 5. O-O d6 6. c4 Nc6 7. Nc3 a6 8. e4
Bg4 9. h3 Bxf3 10. Bxf3 e5 11. d5 Nd4 12. Bg2 Nd7 13. Be3 Rb8 14. Rb1 c5 15.
dxc6 bxc6 16. Kh2 Rb4 17. b3 Qa5 18. Bd2 Rbb8 19. Ra1 Qc7 20. Rc1 Nc5 21. Be3
Nce6 22. Ne2 f5 23. Bxd4 exd4 24. exf5 Rxf5 25. f4 Qb6 26. Ng1 a5 27. Re1 Nc5
28. Rb1 Rf7 29. Nf3 d3 30. Ng5 Rd7 31. Qf3 d5 32. cxd5 cxd5 33. Qf2 h6 34. Nf3
Ne4 35. Qxb6 Rxb6 36. Rbd1 d2 37. Rf1 Bc3 38. Ng1 Re7 39. Ne2 d4 40. Bf3 a4 41.
bxa4 Rb2 42. h4 d3 43. Ng1 Ba5 44. Bxe4 Rxe4 45. Nf3 Re1 46. Kg1 Rxf1+ 47. Kxf1
Rc2 48. Kf2 Bb6+ 49. Kg2 Be3 50. Kh3 Rc1 51. Rxd2 Bxd2 52. Nxd2 Rc2 0-1

[Event "SR 2. liga A 2010/2011"]
[Site "?"]
[Date "2010.10.24"]
[Round "8.4"]
[White "Hartl, Jan"]
[Black "Novak, Ivan"]
[Result "0-1"]
[WhiteElo "2118"]
[BlackElo "2233"]
[PlyCount "78"]
[EventDate "2010.??.??"]
[WhiteTeam "Slovakia"]
[BlackTeam "II"]
[WhiteTeamCountry "SVK"]
[BlackTeamCountry "SVK"]

1. e4 Nc6 2. d4 d5 3. e5 Bf5 4. Bd3 Nxd4 5. Bxf5 Nxf5 6. g4 Nh4 7. Nf3 e6 8.
Nbd2 h5 9. g5 Ng2+ 10. Kf1 Nf4 11. Nb3 Ng6 12. Be3 N8e7 13. Qd3 Nc6 14. Re1
Ngxe5 15. Nxe5 Nxe5 16. Qb5+ Qd7 17. Qxb7 Qc6 18. Qxc6+ Nxc6 19. g6 Bd6 20. Bd2
fxg6 21. Rxe6+ Kf7 22. Re3 Rhe8 23. Rf3+ Kg8 24. Rg1 Bxh2 25. Rg2 Bd6 26. Rd3
Re5 27. Bc3 Rf5 28. Rxg6 Ne5 29. Rxd5 Raf8 30. Rg2 h4 31. Bd4 g5 32. Nd2 h3 33.
Rg3 Nf3 34. Nxf3 Bxg3 35. Rd7 R5f7 36. Rxf7 Rxf7 37. Nxg5 h2 38. Kg2 Rd7 39.
Be3 Rd1 0-1

[Event "SR 2. liga A 2010/2011"]
[Site "?"]
[Date "2010.10.24"]
[Round "8.5"]
[White "Flak, Juraj"]
[Black "Michal, Silvio"]
[Result "1/2-1/2"]
[WhiteElo "2029"]
[BlackElo "2094"]
[PlyCount "36"]
[EventDate "2010.??.??"]
[WhiteTeam "Slovakia"]
[BlackTeam "II"]
[WhiteTeamCountry "SVK"]
[BlackTeamCountry "SVK"]

1. e4 c6 2. d4 d5 3. Nd2 dxe4 4. Nxe4 Bf5 5. Ng3 Bg6 6. h4 h6 7. Nf3 Nf6 8. h5
Bh7 9. Bd3 Bxd3 10. Qxd3 e6 11. Bd2 Nbd7 12. O-O-O Qc7 13. Ne4 Nxe4 14. Qxe4
O-O-O 15. Bf4 Bd6 16. Bxd6 Qxd6 17. Ne5 Nxe5 18. Qxe5 Qxe5 1/2-1/2

[Event "SR 2. liga A 2010/2011"]
[Site "?"]
[Date "2010.10.24"]
[Round "8.6"]
[White "Kimerling, Martin"]
[Black "Orosi, Peter"]
[Result "1-0"]
[WhiteElo "1920"]
[BlackElo "2004"]
[PlyCount "81"]
[EventDate "2010.??.??"]
[WhiteTeam "Slovakia"]
[BlackTeam "II"]
[WhiteTeamCountry "SVK"]
[BlackTeamCountry "SVK"]

1. d4 Nf6 2. c4 c5 3. d5 e5 4. Nc3 d6 5. e4 Nbd7 6. Bd3 h5 7. Nf3 Be7 8. O-O h4
9. h3 Nh5 10. Be3 Nf8 11. Ne2 Bd7 12. Qd2 g6 13. b4 b6 14. a4 Nh7 15. a5 f5 16.
Qb2 O-O 17. axb6 axb6 18. Rxa8 Qxa8 19. Ra1 Qd8 20. bxc5 bxc5 21. Ra7 Bc8 22.
Qb8 g5 23. exf5 Bxf5 24. Qxd8 Bxd8 25. Bxf5 Rxf5 26. Rd7 Ba5 27. Rxd6 e4 28.
Nxg5 N7f6 29. Ne6 Ne8 30. Ra6 Bb4 31. Nxc5 Rf7 32. Rg6+ Kf8 33. Nxe4 Rc7 34. c5
Kf7 35. Rb6 Ba5 36. Ra6 Bb4 37. Ra4 Rb7 38. c6 Rb8 39. Ra7+ Kg6 40. Rb7 Rd8 41.
Rxb4 1-0

[Event "SR 2. liga A 2010/2011"]
[Site "?"]
[Date "2010.10.24"]
[Round "8.7"]
[White "Hajek, Lukas"]
[Black "Srna, Jan"]
[Result "1/2-1/2"]
[WhiteElo "1915"]
[BlackElo "2047"]
[PlyCount "50"]
[EventDate "2010.??.??"]
[WhiteTeam "Slovakia"]
[BlackTeam "II"]
[WhiteTeamCountry "SVK"]
[BlackTeamCountry "SVK"]

1. d4 e6 2. c4 f5 3. Nf3 d5 4. g3 c6 5. Bg2 Bd6 6. Bf4 Nf6 7. O-O O-O 8. Bxd6
Qxd6 9. Nbd2 Nbd7 10. a3 Ne4 11. e3 a5 12. b4 Rf6 13. Qc2 Rh6 14. Rfb1 Qe7 15.
b5 g5 16. bxc6 bxc6 17. cxd5 exd5 18. Nxe4 fxe4 19. Nd2 Ba6 20. Bf1 Bxf1 21.
Nxf1 Rf6 22. Rb2 h5 23. Qe2 Qf7 24. Rc1 Rf8 25. Rbc2 Qg6 1/2-1/2

[Event "SR 2. liga A 2010/2011"]
[Site "?"]
[Date "2010.10.24"]
[Round "8.8"]
[White "Hajtmanek, Stanislav"]
[Black "Nagy, Edmund"]
[Result "1/2-1/2"]
[WhiteElo "1782"]
[BlackElo "1939"]
[PlyCount "72"]
[EventDate "2010.??.??"]
[WhiteTeam "Slovakia"]
[BlackTeam "II"]
[WhiteTeamCountry "SVK"]
[BlackTeamCountry "SVK"]

1. d4 Nf6 2. c4 c5 3. d5 d6 4. Nc3 g6 5. e4 Bg7 6. f4 O-O 7. Bd3 Na6 8. Nf3 Nc7
9. O-O a6 10. e5 Nfe8 11. Na4 b5 12. Nb6 Rb8 13. Nxc8 Qxc8 14. Qc2 bxc4 15.
Bxc4 e6 16. Rd1 exd5 17. Bxd5 Nxd5 18. Rxd5 Qc6 19. Rd1 d5 20. Rb1 Nc7 21. Be3
c4 22. Nd4 Qd7 23. Ne2 Qe7 24. Nc3 Rfd8 25. Qf2 f6 26. Bc5 Qe6 27. Bd6 Rbc8 28.
Qb6 Na8 29. Qb7 fxe5 30. fxe5 Bxe5 31. Bxe5 Qxe5 32. Rxd5 Qe3+ 33. Kh1 Re8 34.
Rdd1 Rb8 35. Qd5+ Kg7 36. h3 Nb6 1/2-1/2

[Event "SR 2. liga A 2010/2011"]
[Site "?"]
[Date "2010.10.24"]
[Round "9.2"]
[White "Federic, Jozef"]
[Black "Jablonicky, Frantisek"]
[Result "0-1"]
[WhiteElo "2283"]
[BlackElo "2150"]
[PlyCount "76"]
[EventDate "2010.??.??"]
[WhiteTeam "Slovakia"]
[BlackTeam "II"]
[WhiteTeamCountry "SVK"]
[BlackTeamCountry "SVK"]

1. d4 f5 2. Nc3 d5 3. Bg5 c6 4. e3 Qb6 5. Na4 Qc7 6. Nf3 Nd7 7. c4 e6 8. a3
Ngf6 9. Nc3 Bd6 10. Bd3 dxc4 11. Bxc4 Nb6 12. Bd3 Nbd5 13. Qc2 Nxc3 14. Qxc3
O-O 15. Bh4 Nd5 16. Qd2 Bd7 17. O-O Rae8 18. Rac1 Bc8 19. Bg3 f4 20. exf4 Nxf4
21. Ng5 g6 22. Ne4 e5 23. Rfe1 Bf5 24. Bxf4 exf4 25. Nf6+ Rxf6 26. Rxe8+ Kg7
27. Bxf5 Rxf5 28. f3 Rd5 29. Re4 a5 30. Qc3 Qb6 31. Kh1 a4 32. Rce1 Kh6 33. Qd2
Qa5 34. Qf2 Rh5 35. Re6 Qd5 36. R6e4 c5 37. dxc5 Bxc5 38. Qc2 Rxh2+ 0-1

[Event "SR 2. liga A 2010/2011"]
[Site "?"]
[Date "2010.10.24"]
[Round "9.3"]
[White "Rachela, Jozef"]
[Black "Federic, Pavol"]
[Result "0-1"]
[WhiteElo "2072"]
[BlackElo "2213"]
[PlyCount "72"]
[EventDate "2010.??.??"]
[WhiteTeam "Slovakia"]
[BlackTeam "II"]
[WhiteTeamCountry "SVK"]
[BlackTeamCountry "SVK"]

1. e4 e5 2. Nf3 Nc6 3. Bb5 a6 4. Ba4 Nf6 5. O-O Nxe4 6. d4 b5 7. Bb3 d5 8. dxe5
Be6 9. c3 Be7 10. Nbd2 O-O 11. Re1 Nc5 12. Bc2 Qd7 13. Nf1 f6 14. exf6 Bxf6 15.
Be3 Nb7 16. Qd3 g6 17. Ng3 Bg7 18. Bd4 Nxd4 19. Nxd4 Bf7 20. Re3 Bh6 21. Rf3
Rae8 22. Nh5 Bg5 23. Nf6+ Bxf6 24. Rxf6 Nd6 25. Rf3 c5 26. Ne2 Nc4 27. Qd1 Nxb2
28. Qf1 d4 29. cxd4 Bc4 30. Bb3 Rxf3 31. gxf3 cxd4 32. Ng3 d3 33. Ne4 Rxe4 34.
fxe4 Bxb3 35. axb3 d2 36. Rd1 Qg4+ 0-1

[Event "SR 2. liga A 2010/2011"]
[Site "?"]
[Date "2010.10.24"]
[Round "9.4"]
[White "Dugovic, Branislav"]
[Black "Csiba, Peter"]
[Result "1-0"]
[WhiteElo "2152"]
[BlackElo "2076"]
[PlyCount "90"]
[EventDate "2010.??.??"]
[WhiteTeam "Slovakia"]
[BlackTeam "II"]
[WhiteTeamCountry "SVK"]
[BlackTeamCountry "SVK"]

1. Nf3 d5 2. b3 Nf6 3. Bb2 c5 4. e3 Nc6 5. Bb5 Bd7 6. O-O e6 7. d3 a6 8. Bxc6
Bxc6 9. Ne5 Rc8 10. a4 Bd6 11. Nd2 O-O 12. f4 Qe7 13. Rf3 Nd7 14. Rh3 f6 15.
Qh5 Bxe5 16. Qxh7+ Kf7 17. Qh5+ g6 18. Qh7+ Ke8 19. Qxg6+ Qf7 20. Qxf7+ Kxf7
21. fxe5 Nxe5 22. Bxe5 fxe5 23. Nf3 e4 24. Ne5+ Kg7 25. Rg3+ Kf6 26. Nxc6 bxc6
27. Rf1+ Ke5 28. Rg5+ Rf5 29. Rfxf5+ exf5 30. g4 exd3 31. cxd3 Rb8 32. Rxf5+
Ke6 33. h4 Rxb3 34. h5 Rxd3 35. h6 Rb3 36. Rf8 Rb7 37. Rc8 Kd6 38. g5 Rh7 39.
Kf2 c4 40. g6 Rxh6 41. g7 Rg6 42. g8=Q Rxg8 43. Rxg8 Kc5 44. Ke2 Kb4 45. Kd2
Kc5 1-0

[Event "SR 2. liga A 2010/2011"]
[Site "?"]
[Date "2010.10.24"]
[Round "9.5"]
[White "Lesny, Stefan"]
[Black "Skara, Vladimir"]
[Result "0-1"]
[WhiteElo "2100"]
[BlackElo "2161"]
[PlyCount "92"]
[EventDate "2010.??.??"]
[WhiteTeam "Slovakia"]
[BlackTeam "II"]
[WhiteTeamCountry "SVK"]
[BlackTeamCountry "SVK"]

1. e4 e6 2. f4 d5 3. e5 c5 4. Nf3 Nc6 5. c3 Nge7 6. Na3 Nf5 7. Nc2 Be7 8. Ne3
g6 9. d3 Bd7 10. Nxf5 gxf5 11. Be3 Qc7 12. a3 O-O-O 13. b4 f6 14. d4 c4 15. Ra2
Be8 16. Be2 Bh5 17. exf6 Bxf6 18. Ne5 Bxe2 19. Rxe2 Bxe5 20. dxe5 b6 21. Bd4 h5
22. Rd2 Rdg8 23. Qf3 Rg4 24. Rf1 Qg7 25. Rff2 Rg8 26. Kd1 Kb8 27. Kc2 Ne7 28.
Qe3 Kb7 29. Kb2 Rg6 30. a4 Nc6 31. Qf3 h4 32. Be3 Qe7 33. Qd1 Rc8 34. Kc2 Nxb4+
35. cxb4 Qxb4 36. Rd4 Qb3+ 37. Kd2 c3+ 38. Ke2 c2 39. Qc1 h3 40. g3 Rg7 41. Rf1
Rgc7 42. Bd2 Rc4 43. Qa1 Rxd4 44. Qxd4 Rc4 45. Qd3 Re4+ 46. Be3 Qb2 0-1